[Event "Bled 2002"]
[Site "Bled"]
[Date "2002.11.28"]
[Round "3"]
[White "Brokko-Olde Margit"]
[Black "Moylan Laura"]
[Result "0-1"]
[WhiteElo "2156"]
[BlackElo "2066"]
[PlyCount "64"]
[EventDate "2002.??.??"]

1. e4 c5 2. Nc3 Nc6 3. g3 g6 4. Bg2 Bg7 5. d3 d6 6. Be3 Rb8 7. Qd2 b5 8. Rb1 b4
9. Nd1 Qa5 10. Ra1 e6 11. Nf3 Nge7 12. O-O O-O 13. Bh6 Qc7 14. Qf4 Nd4 15. Nxd4
cxd4 16. Bxg7 Kxg7 17. Qd2 Ba6 18. a3 bxa3 19. Rxa3 Rb6 20. c3 dxc3 21. bxc3
Qc5 22. Ra2 d5 23. Re1 dxe4 24. Rxe4 Rd8 25. Bf1 Bb7 26. Rh4 Nf5 27. Rh3 Qd5
28. f4 Qh1+ 29. Kf2 Qf3+ 30. Ke1 Rb1 31. Rb2 Ne3 32. Be2 Ng2# 0-1

[Event "Bled 2002"]
[Site "Bled"]
[Date "2002.11.28"]
[Round "3"]
[White "Fomina Tatyana"]
[Black "Berezina Irina"]
[Result "1/2-1/2"]
[WhiteElo "2235"]
[BlackElo "2264"]
[PlyCount "112"]
[EventDate "2002.??.??"]

1. e4 c5 2. Nf3 d6 3. c3 Nf6 4. Bc4 e6 5. Qe2 Nc6 6. Bb3 Be7 7. O-O O-O 8. d4
b6 9. Bg5 a5 10. Rd1 cxd4 11. cxd4 Ba6 12. Qe3 b5 13. Bxf6 Bxf6 14. e5 Be7 15.
Nc3 d5 16. Ne2 a4 17. Bc2 Nb4 18. Bb1 Rc8 19. Ne1 Nc6 20. Qh3 g6 21. f4 Qd7 22.
Qg4 Kh8 23. h4 f5 24. exf6 Bxf6 25. Nf3 b4 26. Bd3 Bxd3 27. Rxd3 Ne7 28. h5 Rc2
29. Ne5 Bxe5 30. fxe5 gxh5 31. Qxh5 Rxb2 32. Rf1 Rxf1+ 33. Kxf1 Ng6 34. Rf3 b3
35. axb3 a3 36. Qh6 Kg8 37. Qc1 Qb7 38. b4 Rxb4 39. Qxa3 Rc4 40. Qd6 Qe7 41.
Qxe7 Nxe7 42. Nf4 Rc6 43. g4 Ng6 44. Nxg6 hxg6 45. Ke2 Kg7 46. g5 Rc2+ 47. Kd3
Rg2 48. Rf6 Rxg5 49. Rxe6 Rg3+ 50. Ke2 Rg4 51. Ke3 Rg3+ 52. Kf4 Rd3 53. Rd6
Rxd4+ 54. Kg5 Kf7 55. Rf6+ Ke7 56. Rxg6 Rd1 1/2-1/2

[Event "Bled 2002"]
[Site "Bled"]
[Date "2002.10.29"]
[Round "4"]
[White "Nezad Husein Aziz"]
[Black "Kanep Meelis"]
[Result "0-1"]
[WhiteElo "2315"]
[BlackElo "2389"]
[PlyCount "80"]
[EventDate "2002.??.??"]

1. e4 c5 2. Nf3 d6 3. Bb5+ Nd7 4. c3 Ngf6 5. Qe2 a6 6. Ba4 b5 7. Bc2 c4 8. b3
Qc7 9. Na3 cxb3 10. axb3 Bb7 11. O-O e5 12. Bb2 Be7 13. d4 O-O 14. Rac1 Rfe8
15. d5 Nh5 16. b4 f5 17. c4 Nf4 18. Qd1 bxc4 19. g3 c3 20. Bb1 fxe4 21. gxf4
exf3 22. Bxc3 Qd8 23. Qxf3 Nf6 24. Rfd1 e4 25. Qg3 Bf8 26. Nc4 Nxd5 27. Na5
Nxc3 28. Qxc3 Bc8 29. Ba2+ Kh8 30. Bf7 Bg4 31. Bxe8 Qxe8 32. Rd5 Rc8 33. Qe3
Rxc1+ 34. Qxc1 h6 35. Qe3 Bf3 36. Kf1 Qa4 37. Nb3 Qxb4 38. Ra5 Bd1 39. Rf5 d5
40. Qd4 Bxb3 0-1

[Event "Bled 2002"]
[Site "Bled"]
[Date "2002.10.29"]
[Round "4"]
[White "Leito Priit"]
[Black "Al-Tamimi Hamad"]
[Result "1-0"]
[WhiteElo "2347"]
[BlackElo "2169"]
[PlyCount "61"]
[EventDate "2002.??.??"]

1. e4 c6 2. c4 d5 3. exd5 cxd5 4. cxd5 Nf6 5. Nc3 g6 6. Bc4 Bg7 7. Nge2 O-O 8.
d4 Na6 9. Nf4 Nc7 10. O-O b6 11. a4 a6 12. Re1 Rb8 13. Qe2 Re8 14. Be3 Bb7 15.
Rad1 Ra8 16. h3 Qd6 17. Qc2 Ncxd5 18. Nfxd5 Nxd5 19. Qb3 e6 20. Nxd5 Bxd5 21.
Bxd5 exd5 22. Rc1 a5 23. Qb5 Re6 24. Red1 f5 25. Rc3 Rae8 26. Rdc1 Bxd4 27. Rc6
Qe5 28. Rxe6 Rxe6 29. Bxd4 Qxd4 30. Qd7 Rf6 31. Rc7 1-0

[Event "Bled 2002"]
[Site "Bled"]
[Date "2002.10.29"]
[Round "4"]
[White "Fomina Tatyana"]
[Black "Pourkashiyan Atousa"]
[Result "1-0"]
[WhiteElo "2235"]
[BlackElo "2161"]
[PlyCount "75"]
[EventDate "2002.??.??"]

1. d4 d5 2. Nc3 Nf6 3. Bg5 Bf5 4. e3 e6 5. Bd3 Bg6 6. Nf3 Be7 7. Ne5 Nbd7 8.
O-O Nxe5 9. dxe5 Nd7 10. Bf4 O-O 11. Bg3 c5 12. f4 c4 13. Bxg6 hxg6 14. Ne2 Qb6
15. b3 Qxe3+ 16. Bf2 Qe4 17. Qd2 cxb3 18. axb3 Qb4 19. c3 Qb5 20. Nd4 Qb6 21.
b4 Qd8 22. Ra5 Nb6 23. Qe2 Nc4 24. Ra2 Qd7 25. h4 Rfc8 26. h5 gxh5 27. Qxh5 a5
28. bxa5 Rxa5 29. Rxa5 Nxa5 30. Qh3 Nc4 31. Kh2 g6 32. Rh1 Bf8 33. Bh4 Bg7 34.
Bf6 Bxf6 35. exf6 Qd8 36. Qh4 g5 37. Qh6 Qf8 38. Qxg5+ 1-0

[Event "Bled 2002"]
[Site "Bled"]
[Date "2002.10.29"]
[Round "4"]
[White "Paridar Shadi"]
[Black "Bashkite Viktoria"]
[Result "1-0"]
[WhiteElo "2132"]
[BlackElo "2136"]
[PlyCount "53"]
[EventDate "2002.??.??"]

1. e4 c5 2. c3 g6 3. d4 Bg7 4. dxc5 Qc7 5. Be3 Na6 6. Bxa6 bxa6 7. Nd2 Rb8 8.
Qc2 Nh6 9. f3 f5 10. Ne2 fxe4 11. Nxe4 Nf5 12. Bf4 Be5 13. Qd2 Bb7 14. O-O-O
Bc6 15. Bxe5 Qxe5 16. Nd4 Nxd4 17. cxd4 Qd5 18. Nc3 Qf7 19. d5 Bb5 20. a4 Bxa4
21. Nxa4 O-O 22. Nc3 Rfc8 23. Qd4 a5 24. Rhe1 Rb4 25. Qe5 Re8 26. d6 e6 27. Nd5
1-0

[Event "Bled 2002"]
[Site "Bled"]
[Date "2002.10.30"]
[Round "5"]
[White "Piarnpuu Leili"]
[Black "Ovezova Maisa"]
[Result "1-0"]
[WhiteElo "2230"]
[BlackElo "2214"]
[PlyCount "86"]

1. Nf3 Nc6 2. d4 d5 3. c4 e6 4. Nc3 Nf6 5. Bg5 Be7 6. e3 O-O 7. Rc1 Ne4 8. Bxe7
Nxe7 9. Bd3 f5 10. O-O Rf6 11. Ne5 c6 12. f3 Ng5 13. g3 Ng6 14. Kg2 Nxe5 15.
dxe5 Rh6 16. h4 Nf7 17. f4 Bd7 18. Ne2 Rg6 19. Kh3 Rh6 20. Kg2 a6 21. c5 Nh8
22. Nd4 Ng6 23. Nf3 b6 24. Qd2 b5 25. a3 Be8 26. Rh1 Nf8 27. Nd4 Bd7 28. Be2
Qe7 29. Qa5 Qd8 30. Qxd8 Rxd8 31. a4 bxa4 32. Bxa6 Rb8 33. Rc2 Rg6 34. Ra1 Rb4
35. Ra2 h5 36. Rc3 Rh6 37. Rca3 Ng6 38. Rxa4 Rb8 39. Be2 Ne7 40. Ra7 Rd8 41.
Rc7 Kf7 42. Raa7 Ke8 43. b4 g6 1-0

[Event "Bled 2002"]
[Site "Bled"]
[Date "2002.10.30"]
[Round "5"]
[White "Hallaeva Bahar"]
[Black "Bashkite Viktoria"]
[Result "1/2-1/2"]
[WhiteElo "2163"]
[BlackElo "2136"]
[PlyCount "86"]

1. e4 e6 2. d4 d5 3. e5 c5 4. c3 Qb6 5. Nf3 Bd7 6. Be2 Nc6 7. O-O Nge7 8. dxc5
Qc7 9. Re1 Ng6 10. Bb5 Bxc5 11. Qe2 O-O 12. a4 f6 13. exf6 Rxf6 14. Bg5 Rf7 15.
b4 Qd6 16. Nbd2 e5 17. Nh4 Nxh4 18. Bxh4 e4 19. h3 Qf4 20. Nf1 a6 21. Bxc6 bxc6
22. c4 Bb6 23. Rab1 Raf8 24. b5 axb5 25. axb5 cxb5 26. cxd5 g5 27. Bg3 Qxg3 28.
Nxg3 Rxf2 29. Qe3 Bxe3 30. Rxe3 Rd2 31. Nxe4 Rxd5 32. Nc3 Rdf5 33. Ne2 h6 34.
Rd3 Bc6 35. Rg3 Rd8 36. Rc3 Be4 37. Rb4 Rd1+ 38. Kh2 Bd3 39. Ng3 Rd5 40. Rc6
Kf7 41. Rb2 Bg6 42. Rb6 R1d2 43. R2xb5 Rb2 1/2-1/2

[Event "Bled 2002"]
[Site "Bled"]
[Date "2002.10.31"]
[Round "6"]
[White "Shliahtich Galina"]
[Black "Piarnpuu Leili"]
[Result "1/2-1/2"]
[WhiteElo "2197"]
[BlackElo "2230"]
[PlyCount "75"]

1. e4 e5 2. Nf3 Nc6 3. Bb5 a6 4. Ba4 Nf6 5. O-O Be7 6. Bxc6 dxc6 7. Qe1 Nd7 8.
b3 O-O 9. Bb2 f6 10. d3 Re8 11. Nc3 Nf8 12. Nd2 Ne6 13. Nc4 Nd4 14. Ne3 Bd6 15.
Ne2 c5 16. Ng3 g6 17. Qd2 Be6 18. Rad1 a5 19. a4 b6 20. f3 Bf8 21. Qf2 Bg7 22.
Bc1 Qd7 23. f4 exf4 24. Qxf4 Rf8 25. Qh4 Rae8 26. h3 f5 27. exf5 Nxf5 28. Nexf5
Bxf5 29. Nxf5 Rxf5 30. Qc4+ Kh8 31. c3 Ref8 32. Be3 Qe7 33. Rfe1 Re5 34. Bf2
Re2 35. Rf1 h6 36. d4 cxd4 37. Bxd4 Rxf1+ 38. Kxf1 1/2-1/2

[Event "Bled 2002"]
[Site "Bled"]
[Date "2002.11.01"]
[Round "7"]
[White "Fomina Tatyana"]
[Black "Evans-Quek Debbie"]
[Result "1-0"]
[WhiteElo "2235"]
[BlackElo "2047"]
[PlyCount "50"]

1. e4 d6 2. Bc4 c6 3. Nc3 Nf6 4. Bb3 b5 5. d3 a5 6. a4 b4 7. Nce2 Nbd7 8. Nf3
Nc5 9. Ba2 Bg4 10. Ng3 e6 11. h3 Bxf3 12. Qxf3 d5 13. O-O Nxa4 14. Bxd5 cxd5
15. Rxa4 Be7 16. c4 bxc3 17. bxc3 Qd7 18. Ra2 dxe4 19. Nxe4 O-O 20. Ba3 Nxe4
21. Qxe4 Bxa3 22. Rxa3 Ra6 23. Rfa1 Rfa8 24. Rxa5 f5 25. Qxa8+ Qd8 1-0

[Event "Bled 2002"]
[Site "Bled"]
[Date "2002.11.01"]
[Round "7"]
[White "Griffiths Catherine"]
[Black "Piarnpuu Leili"]
[Result "1/2-1/2"]
[WhiteElo "2005"]
[BlackElo "2230"]
[PlyCount "53"]

1. e4 c5 2. Nc3 Nc6 3. g3 g6 4. Bg2 Bg7 5. d3 d6 6. Be3 Rb8 7. Qd2 b5 8. Nge2
b4 9. Nd1 Nd4 10. O-O e6 11. Nc1 Ne7 12. c3 bxc3 13. bxc3 Ndc6 14. Bh6 O-O 15.
Bxg7 Kxg7 16. Ne2 Ba6 17. f4 Qd7 18. Ne3 f5 19. g4 d5 20. exd5 exd5 21. gxf5 d4
22. Bxc6 Nxc6 23. cxd4 cxd4 24. Nc4 gxf5 25. Kf2 Kh8 26. Rg1 Rg8 27. Rxg8+
1/2-1/2

[Event "Bled 2002"]
[Site "Bled"]
[Date "2002.11.02"]
[Round "8"]
[White "Heinatz Gundula"]
[Black "Fomina Tatyana"]
[Result "1-0"]
[WhiteElo "2232"]
[BlackElo "2235"]
[PlyCount "67"]

1. e4 e6 2. d4 d5 3. Nd2 dxe4 4. Nxe4 Bd7 5. Nf3 Bc6 6. Bd3 Nd7 7. O-O Ngf6 8.
Ned2 Be7 9. Re1 b6 10. Nc4 Bb7 11. Qe2 h6 12. Nce5 Nxe5 13. dxe5 Nd5 14. a3 c6
15. c4 Nc7 16. Rd1 Qc8 17. Bf4 Na6 18. b4 Nb8 19. Nd2 a5 20. Ne4 Nd7 21. Rab1
axb4 22. axb4 g5 23. Bg3 h5 24. h4 g4 25. Bc2 Ra2 26. Nd6+ Bxd6 27. Rxd6 c5 28.
Rbd1 Nb8 29. b5 Ke7 30. Bf4 Rg8 31. Qd2 Qc7 32. Bg5+ f6 33. Bxf6+ Kf7 34. Qh6
1-0

[Event "Bled 2002"]
[Site "Bled"]
[Date "2002.11.02"]
[Round "8"]
[White "Bohrer Ruth"]
[Black "Bashkite Viktoria"]
[Result "0-1"]
[WhiteElo "2067"]
[BlackElo "2136"]
[PlyCount "50"]

1. c4 Nf6 2. Nc3 c5 3. g3 Nc6 4. Bg2 g6 5. e3 Bg7 6. Nge2 O-O 7. O-O b6 8. d4
cxd4 9. exd4 Bb7 10. b3 Na5 11. d5 e6 12. Bb2 exd5 13. Nxd5 Nxd5 14. Bxg7 Kxg7
15. cxd5 Ba6 16. Re1 Rc8 17. Rc1 Qf6 18. Qd2 Nb7 19. Nc3 Nc5 20. Re3 Rfe8 21.
b4 Rxe3 22. bxc5 Rd3 23. Qe1 Rxc5 24. Ne4 Rxc1 25. Qxc1 Qd4 0-1

[Event "Bled 2002"]
[Site "?"]
[Date "2002.10.26"]
[Round "1.37"]
[White "Silveirinha, J-A."]
[Black "Ehlvest Jaan"]
[Result "0-1"]
[WhiteElo "2150"]
[BlackElo "2600"]
[PlyCount "126"]
[EventDate "2002.10.31"]

1. d4 Nf6 2. c4 e6 3. Nc3 Bb4 4. Bd2 d5 5. e3 O-O 6. Nf3 b6 7. Be2 Bb7 8. O-O
Bd6 9. Rc1 a6 10. Ne5 Nbd7 11. f4 dxc4 12. Nxc4 Be7 13. f5 exf5 14. Rxf5 c5 15.
Bf3 Bxf3 16. Qxf3 g6 17. Rf4 b5 18. Na5 Qxa5 19. Nd5 Qxd2 20. Nxe7+ Kg7 21. Rd1
Qxb2 22. Rf1 Rae8 23. Nd5 Qxa2 24. Nxf6 Nxf6 25. Rxf6 cxd4 26. exd4 Rd8 27. Rd1
Rxd4 28. Rf1 Rd7 29. Qc3 Kg8 30. h4 Qe2 31. Rxa6 b4 32. Qc6 Rd4 33. Qf6 Rd2 34.
Qg5 Qxa6 35. Qxd2 Qb5 36. h5 Qc5+ 37. Rf2 Qxh5 38. Qxb4 Rd8 39. Rf1 Qd5 40. Qe7
Rc8 41. Qf6 Rc2 42. Rf2 Rc1+ 43. Rf1 Qc5+ 44. Kh2 Rxf1 45. Qxf1 Qe5+ 46. Kg1
Kg7 47. Qa6 h5 48. Qd3 h4 49. Qc4 Qe1+ 50. Kh2 Qg3+ 51. Kh1 h3 52. Qd4+ Kh7 53.
gxh3 Qxh3+ 54. Kg1 Qg3+ 55. Kf1 Qf3+ 56. Kg1 Kg8 57. Qd8+ Kg7 58. Qd4+ Qf6 59.
Qd7 Qg5+ 60. Kh1 Qe5 61. Kg2 g5 62. Kf3 Kg6 63. Qd3+ Qf5+ 0-1

 0-1

f5+ 0-1

[Event "Bled 2002"]
[Site "?"]
[Date "2002.10.26"]
[Round "1.37"]
[White "Mak (MAC), K-K."]
[Black "Rytshagov Mikhail"]
[Result "0-1"]
[WhiteElo "2033"]
[BlackElo "2503"]
[PlyCount "66"]
[EventDate "2002.??.??"]

1. d4 Nf6 2. Bg5 c5 3. Bxf6 gxf6 4. e3 Qb6 5. dxc5 Qxb2 6. Nd2 Qc3 7. Ngf3 Qxc5
8. Bc4 Bg7 9. O-O O-O 10. Rb1 a6 11. Bd3 d6 12. Nd4 Nc6 13. Ne4 Qa5 14. Rb5
axb5 15. Qh5 Rd8 16. Ng3 Nxd4 17. Qxh7+ Kf8 18. exd4 Qd2 19. f4 f5 20. Ne2 Rxa2
21. h4 Qe3+ 22. Kh2 Qe6 23. Nc3 Rb2 24. Nxb5 Qg6 25. Qxg6 fxg6 26. d5 Bd7 27.
Na3 b5 28. Kh3 Ra8 29. Nb1 Ra1 30. Nd2 Rxf1 31. Nxf1 b4 32. Nd2 Ba4 33. Nc4
Rxc2 0-1

 0-1

[Event "Bled 2002"]
[Site "Bled"]
[Date "2002.11.27"]
[Round "2"]
[White "Neubauer Martin"]
[Black "Kulaots Kaido"]
[Result "1/2-1/2"]
[WhiteElo "2388"]
[BlackElo "2542"]
[PlyCount "78"]

1. e4 c5 2. Nf3 d6 3. Bb5+ Nc6 4. O-O Bd7 5. Re1 Nf6 6. h3 Ne5 7. a4 a6 8.
Bxd7+ Nfxd7 9. Nxe5 Nxe5 10. d3 g6 11. c3 Bg7 12. d4 cxd4 13. cxd4 Nc6 14. d5
Na5 15. Na3 Qb6 16. Bd2 O-O 17. b4 Bxa1 18. bxa5 Qd4 19. Nc2 Qxa4 20. Nxa1 Qxd1
21. Rxd1 Rfc8 22. Rb1 Rc4 23. f3 Rb8 24. Be3 Ra4 25. Nb3 Rb4 26. Kf2 Rc8 27.
Rc1 Rxc1 28. Nxc1 f5 29. Bd2 Rb1 30. Nd3 fxe4 31. fxe4 b6 32. axb6 Rxb6 33. Ke3
Rb1 34. Bc3 Kf8 35. h4 Ke8 36. Nf4 Rg1 37. Kf2 Rb1 38. Ke3 Rg1 39. Kf2 Rb1
1/2-1/2

[Event "Bled 2002"]
[Site "Bled"]
[Date "2002.11.27"]
[Round "2"]
[White "Rytshagov Mikhail"]
[Black "Danner Georg"]
[Result "1/2-1/2"]
[WhiteElo "2503"]
[BlackElo "2370"]
[PlyCount "59"]

1. e4 c5 2. Nf3 d6 3. d4 cxd4 4. Nxd4 Nf6 5. Nc3 a6 6. Be3 e5 7. Nb3 Be6 8. f3
Be7 9. Qd2 O-O 10. O-O-O Nbd7 11. g4 b5 12. g5 b4 13. Ne2 Ne8 14. h4 a5 15. Kb1
Nc7 16. f4 a4 17. Nbc1 exf4 18. Nxf4 b3 19. cxb3 axb3 20. Nxb3 Bxb3 21. axb3
Ne5 22. Bb6 Qb8 23. Bxc7 Qxc7 24. Nd5 Qa7 25. Nxe7+ Qxe7 26. Qxd6 Qe8 27. Be2
Ra7 28. Rhe1 Rd7 29. Qc5 Rb7 30. Bc4 1/2-1/2

[Event "Bled 2002"]
[Site "Bled"]
[Date "2002.11.05"]
[Round "10"]
[White "Fomina Tatyana"]
[Black "Lujan Carolina"]
[Result "0-1"]
[WhiteElo "2235"]
[BlackElo "2226"]
[PlyCount "94"]

1. e4 c5 2. Nf3 e6 3. c4 Nc6 4. Be2 Qc7 5. Nc3 a6 6. d4 cxd4 7. Nxd4 Nf6 8. O-O
Bd6 9. g3 Nxd4 10. Qxd4 b6 11. Rd1 Be5 12. Qd3 Bb7 13. Bf3 Rc8 14. b3 b5 15.
Rb1 O-O 16. Ba3 Rfd8 17. Be7 Re8 18. Bxf6 Bxf6 19. Ne2 bxc4 20. bxc4 Bc6 21.
Bg2 Red8 22. f4 d6 23. h4 Qa5 24. Rd2 Rb8 25. Rxb8 Rxb8 26. Kh2 Qb6 27. Kh3 h6
28. g4 g5 29. Qf3 Qb4 30. Rd1 Ba4 31. Rf1 gxh4 32. g5 Bg7 33. gxh6 Bxh6 34. Qh5
Bg7 35. f5 exf5 36. exf5 Qxc4 37. f6 Bd7+ 38. Kh2 Rb5 39. Qf3 Bh6 40. Bh3 Bxh3
41. Kxh3 Rg5 42. Kh2 d5 43. Nc3 Rg3 44. Rg1 Bf4 45. Rxg3+ Bxg3+ 46. Kg2 Qf4 47.
Nxd5 h3+ 0-1

[Event "Bled 2002"]
[Site "Bled"]
[Date "2002.11.05"]
[Round "10"]
[White "Burijovich Liliana"]
[Black "Piarnpuu Leili"]
[Result "0-1"]
[WhiteElo "2188"]
[BlackElo "2230"]
[PlyCount "106"]

1. d4 e6 2. e4 d5 3. Nd2 c5 4. exd5 Qxd5 5. Ngf3 cxd4 6. Bc4 Qd6 7. O-O Nf6 8.
Nb3 Nc6 9. Nbxd4 Nxd4 10. Qxd4 Bd7 11. Bf4 Qxd4 12. Nxd4 Rc8 13. b3 a6 14. a4
Bc5 15. Rad1 O-O 16. Nf3 Bc6 17. Ne5 Bd5 18. Bd3 Nh5 19. Bc1 Nf6 20. h3 Rfd8
21. Bg5 h6 22. Bh4 g5 23. Bg3 Ne4 24. Bh2 Nc3 25. Rde1 f5 26. Kh1 Ne4 27. Re2
Nc3 28. Ree1 Ne4 29. c4 Bc6 30. Bxe4 Bxe4 31. Re2 Bd4 32. f3 Bxe5 33. fxe4 Bxh2
34. Kxh2 f4 35. h4 Rd3 36. hxg5 hxg5 37. Rf3 Rcd8 38. Kh3 Kg7 39. Ref2 Kg6 40.
Rxd3 Rxd3+ 41. Rf3 Rd4 42. Kg4 Rxe4 43. Rd3 Re2 44. Kf3 Rb2 45. a5 Kf5 46. g4+
Ke5 47. Rd7 Rxb3+ 48. Kf2 Ke4 49. Rg7 Rb2+ 50. Ke1 Ke3 51. Kd1 f3 52. Rf7 f2
53. Kc1 Re2 0-1

[Event "Bled 2002"]
[Site "Bled"]
[Date "2002.11.05"]
[Round "10"]
[White "Bashkite Viktoria"]
[Black "Zuriel Marisa"]
[Result "1-0"]
[WhiteElo "2136"]
[BlackElo "2223"]
[PlyCount "65"]

1. c4 e5 2. Nc3 Nc6 3. Nf3 f5 4. e4 fxe4 5. Nxe4 Nf6 6. Bd3 Be7 7. Nxf6+ Bxf6
8. Be4 Ne7 9. Nxe5 d6 10. Ng4 Bd4 11. Ne3 c6 12. Qe2 Qa5 13. O-O Bd7 14. Qd3
Qb6 15. Rb1 O-O-O 16. b4 Be6 17. a4 Bf6 18. Bb2 Rhf8 19. a5 Qc7 20. Bxf6 Rxf6
21. Rfc1 Rdf8 22. Nd5 Bxd5 23. cxd5 Rxf2 24. dxc6 bxc6 25. Bf3 R2xf3 26. gxf3
Kd7 27. b5 c5 28. b6 axb6 29. Rxb6 Ra8 30. Rcb1 Ra7 31. Qe4 Kd8 32. Qe6 Ra8 33.
Rb7 1-0

[Event "Bled 2002"]
[Site "Bled"]
[Date "2002.11.06"]
[Round "11"]
[White "Piarnpuu Leili"]
[Black "Krupkova Petra"]
[Result "1/2-1/2"]
[WhiteElo "2230"]
[BlackElo "2296"]
[PlyCount "38"]

1. Nf3 Nf6 2. c4 c6 3. d4 d5 4. e3 Bg4 5. Nc3 e6 6. h3 Bxf3 7. Qxf3 Nbd7 8. Bd3
Bd6 9. O-O O-O 10. e4 dxc4 11. Bxc4 e5 12. Be3 exd4 13. Bxd4 Ne5 14. Qe2 Nxc4
15. Qxc4 Re8 16. Rfe1 Be5 17. Bxe5 Rxe5 18. Rad1 Qb6 19. Qd4 Qxd4 1/2-1/2

[Event "Bled 2002"]
[Site "Bled"]
[Date "2002.11.06"]
[Round "11"]
[White "Sikorova Olga"]
[Black "Bashkite Viktoria"]
[Result "1-0"]
[WhiteElo "2292"]
[BlackElo "2136"]
[PlyCount "113"]

1. f4 d5 2. b3 Nf6 3. Bb2 c5 4. e3 Nc6 5. Bb5 g6 6. Nf3 Bg4 7. O-O Qb6 8. Bxc6+
Qxc6 9. d3 Bxf3 10. Rxf3 Bg7 11. Nd2 Nh5 12. Bxg7 Nxg7 13. Qe1 Nf5 14. a4 h5
15. Rf2 O-O-O 16. e4 dxe4 17. Nxe4 Rhe8 18. Qa5 a6 19. Qxc5 Qxc5 20. Nxc5 e5
21. fxe5 Rxe5 22. Ne4 Nh6 23. Rf6 Rd7 24. Raf1 Kc7 25. R1f3 Nf5 26. g3 a5 27.
h3 b6 28. Rf2 Ree7 29. Kh2 Kb7 30. g4 hxg4 31. hxg4 Ne3 32. Kg3 Nd5 33. Rxf7
Rxf7 34. Rxf7 Rxf7 35. Nd6+ Kc7 36. Nxf7 Nb4 37. Ne5 Nxc2 38. Nxg6 Nd4 39. Nf4
Kd6 40. g5 Nxb3 41. g6 Ke7 42. Kg4 Kf6 43. Kh5 Kg7 44. Ne6+ Kg8 45. Kh6 b5 46.
axb5 a4 47. b6 Na5 48. Nd4 a3 49. Nc2 a2 50. g7 Nb7 51. Kg6 Nc5 52. d4 Nb7 53.
Na1 Nc5 54. d5 Nb7 55. Kf6 Nc5 56. Ke7 Kxg7 57. d6 1-0

[Event "Bled 2002"]
[Site "Bled"]
[Date "2002.11.07"]
[Round "12"]
[White "Fierro Baquero Martha"]
[Black "Fomina Tatyana"]
[Result "1-0"]
[WhiteElo "2384"]
[BlackElo "2235"]
[PlyCount "111"]

1. e4 c5 2. Nf3 e6 3. c4 Nc6 4. Nc3 Qc7 5. Be2 a6 6. O-O Bd6 7. h3 Nf6 8. d4
cxd4 9. Nxd4 Nxd4 10. Qxd4 b6 11. Be3 Bc5 12. Qd3 Bb7 13. a3 O-O 14. b4 Bxe3
15. Qxe3 d5 16. cxd5 exd5 17. e5 Ne4 18. Nxe4 dxe4 19. Rac1 Qxe5 20. Qxb6 Rab8
21. Rc7 Bd5 22. Qc5 Qb2 23. Bxa6 Qxa3 24. Qxd5 Qxa6 25. Qxe4 Qb6 26. Rc4 Rfe8
27. Qf4 Rb7 28. Rfc1 h6 29. Rc7 Rxc7 30. Rxc7 Re1+ 31. Kh2 Qe6 32. b5 Re4 33.
Qg3 h5 34. Rc6 Qf5 35. b6 h4 36. Qc7 Qxf2 37. Rc2 Qg3+ 38. Qxg3 hxg3+ 39. Kxg3
Rb4 40. Rc6 Kh7 41. Kf3 g6 42. Ke3 Kh6 43. Kd3 f5 44. Kc3 Rb1 45. Kd4 Kh5 46.
Kd5 Rb2 47. Kd6 Rxg2 48. Kc7 Rb2 49. b7 Rxb7+ 50. Kxb7 g5 51. Rc4 f4 52. Kc6
Kh4 53. Rc3 g4 54. hxg4 Kxg4 55. Kd5 f3 56. Ke4 1-0

[Event "Bled 2002"]
[Site "Bled"]
[Date "2002.11.07"]
[Round "12"]
[White "Piarnpuu Leili"]
[Black "Vasquez Ramirez Rocio"]
[Result "1-0"]
[WhiteElo "2230"]
[BlackElo "2252"]
[PlyCount "93"]

1. Nf3 Nf6 2. c4 g6 3. d4 Bg7 4. g3 c6 5. Bg2 O-O 6. O-O d5 7. cxd5 cxd5 8. Ne5
Nbd7 9. Nc3 e6 10. f4 Nb6 11. b3 Bd7 12. a4 a6 13. Ba3 Re8 14. Rc1 Rc8 15. Qd3
Bf8 16. Bxf8 Rxf8 17. g4 Qe7 18. Bf3 Rfd8 19. g5 Ne8 20. e3 Qb4 21. Ne2 Nd6 22.
Ng3 Qa3 23. Ne2 Be8 24. Rfd1 Rxc1 25. Rxc1 Rc8 26. Rxc8 Nbxc8 27. Qc3 Kg7 28.
Nd3 b5 29. axb5 Bxb5 30. Nc5 Nb6 31. Kf2 a5 32. Qc2 a4 33. Nc3 axb3 34. Qxb3
Qxb3 35. Nxb3 Bc4 36. Nc5 Kf8 37. N3a4 Nxa4 38. Nxa4 Ke7 39. Nc5 f6 40. gxf6+
Kxf6 41. Nd7+ Ke7 42. Ne5 Bb5 43. Ke1 Kf6 44. Kf2 g5 45. fxg5+ Kxg5 46. Bg2 Kf6
47. Kg3 1-0

[Event "Bled 2002"]
[Site "Bled"]
[Date "2002.11.07"]
[Round "12"]
[White "Moncayo Romero Evelyn"]
[Black "Bashkite Viktoria"]
[Result "1-0"]
[WhiteElo "2173"]
[BlackElo "2136"]
[PlyCount "47"]

1. e4 e6 2. d4 d5 3. Nc3 dxe4 4. Nxe4 Nd7 5. Bd3 Be7 6. Nf3 Ngf6 7. Qe2 Nxe4 8.
Qxe4 Nf6 9. Qh4 a6 10. O-O b6 11. Ne5 Bb7 12. Re1 Nd7 13. Qg4 Bf6 14. Nxf7 Kxf7
15. Qxe6+ Kf8 16. Bf4 g5 17. Bc4 Kg7 18. Qf7+ Kh6 19. Re3 gxf4 20. Rh3+ Bh4 21.
Qxf4+ Kg7 22. Rxh4 h5 23. Qf7+ Kh6 24. Rxh5# 1-0

[Event "Bled 2002"]
[Site "Bled"]
[Date "2002.11.08"]
[Round "13"]
[White "Ardeshi Mehrdad"]
[Black "Kanep Meelis"]
[Result "0-1"]
[WhiteElo "2321"]
[BlackElo "2389"]
[PlyCount "122"]

1. e4 c5 2. Nf3 d6 3. d4 cxd4 4. Nxd4 Nf6 5. f3 Nc6 6. c4 Qb6 7. Nc2 e6 8. Nc3
a6 9. b3 Be7 10. Be3 Qa5 11. Qd2 Nd7 12. a3 Bf6 13. b4 Qh5 14. Rd1 O-O 15. f4
Rd8 16. Be2 Bh4+ 17. Kf1 Qg6 18. Bd3 f5 19. exf5 exf5 20. g3 Bf6 21. Nd5 b5 22.
cxb5 axb5 23. Bxb5 Bb7 24. Kf2 Ne7 25. Bc4 Kh8 26. Rhe1 Rac8 27. Qe2 Rxc4 28.
Nxe7 Bxe7 29. Qxc4 Qh5 30. Re2 Rc8 31. Qb5 Bc6 32. Qa6 Qf3+ 33. Ke1 Bb7 34. Qa7
Ra8 35. Rf2 Qh1+ 36. Kd2 Qc6 37. Qd4 Bf6 38. Qd3 Ba6 39. Nd4 Qd5 40. Qxf5 Qa2+
41. Qc2 Qf7 42. Rc1 Re8 43. Qb3 Qe7 44. Qc3 Nb6 45. b5 Nd5 46. Qb3 Nxe3 47.
bxa6 Bxd4 48. Qb7 Nc4+ 49. Rxc4 Qe1+ 50. Kc2 Qxf2+ 51. Kb3 Bc5 52. Ka4 Qe2 53.
Qb5 Qe7 54. f5 Ra8 55. Qc6 Qa7 56. Kb5 Rb8+ 57. Ka4 h6 58. Re4 Qf7 59. Re6 Kh7
60. g4 Rb6 61. a7 Qxa7# 0-1

[Event "Bled 2002"]
[Site "Bled"]
[Date "2002.11.08"]
[Round "13"]
[White "Fomina Tatyana"]
[Black "Palao Maricela"]
[Result "0-1"]
[WhiteElo "2235"]
[BlackElo "2137"]
[PlyCount "82"]

1. d4 d5 2. Nc3 Nf6 3. Bg5 e6 4. e4 dxe4 5. Nxe4 Be7 6. Bxf6 Bxf6 7. Nxf6+ Qxf6
8. Nf3 O-O 9. c3 b6 10. Be2 Bb7 11. O-O Nc6 12. Re1 Rad8 13. Qa4 Qg6 14. Rad1
Kh8 15. g3 a6 16. Nh4 Qh6 17. Rd3 g5 18. Ng2 b5 19. Qd1 e5 20. Bf3 Qg6 21. d5
Na5 22. b3 Qd6 23. Qc1 f5 24. Qxg5 e4 25. Rde3 Qg6 26. Qh4 exf3 27. Nf4 Qf6 28.
Qh5 Bxd5 29. Re7 Bf7 30. Qxf3 Nc6 31. R7e6 Bxe6 32. Rxe6 Nd4 33. cxd4 Qxd4 34.
Rxa6 Qd1+ 35. Kg2 Qxf3+ 36. Kxf3 Rd6 37. Ra7 Rf7 38. Nh5 h6 39. Kf4 Rd4+ 40.
Ke5 Re4+ 41. Kd5 c6+ 0-1

[Event "Bled 2002"]
[Site "Bled"]
[Date "2002.11.08"]
[Round "13"]
[White "Ortiz Carolina"]
[Black "Piarnpuu Leili"]
[Result "1/2-1/2"]
[WhiteElo "2159"]
[BlackElo "2230"]
[PlyCount "136"]

1. e4 e5 2. Nf3 Nc6 3. Bb5 a6 4. Ba4 Nf6 5. O-O Be7 6. Re1 b5 7. Bb3 d6 8. a4
Bb7 9. d3 O-O 10. Nbd2 Nd7 11. c3 Na5 12. Bc2 c5 13. Nf1 Bf6 14. Ne3 g6 15. Ng4
Bg7 16. Nh6+ Kh8 17. h3 b4 18. Bd2 Rb8 19. Bb3 bxc3 20. bxc3 Nxb3 21. Qxb3 Qe7
22. Qa2 f5 23. Bg5 Bf6 24. Bd2 f4 25. Ng4 Bg7 26. Reb1 Bc6 27. Ne1 h5 28. Nh2
Bf6 29. a5 g5 30. Rxb8 Rxb8 31. Rb1 Rxb1 32. Qxb1 Qf7 33. c4 Kg7 34. Nc2 Bd8
35. Qa2 Nb8 36. Bc3 Qb7 37. f3 Bd7 38. Nf1 Nc6 39. Nd2 Kg6 40. Nb3 Bc7 41. Be1
Qb8 42. Bc3 Bd8 43. Kf1 g4 44. hxg4 hxg4 45. Ke2 Bc7 46. Ne1 Qh8 47. Kd1 Qh2
48. Qd2 Bd8 49. Qe2 Bh4 50. Qf1 Bg3 51. Nd2 Qh5 52. Kc2 Qh4 53. Kd1 Nb4 54.
Bxb4 Ba4+ 55. Ke2 cxb4 56. fxg4 Bxe1 57. Qxe1 Qxg4+ 58. Kf1 Bc2 59. Qe2 Qxe2+
60. Kxe2 b3 61. c5 dxc5 62. Nc4 Kf6 63. Kd2 Ke6 64. Na3 Kd6 65. Nc4+ Ke6 66.
Na3 Kd6 67. Nc4+ Ke6 68. Na3 Kd6 1/2-1/2

[Event "Olympiad w"]
[Site "Bled SLO"]
[Date "2002.11.04"]
[Round "9"]
[White "Horvath, Maria"]
[Black "Piarnpuu, L."]
[Result "1/2-1/2"]
[WhiteElo "2059"]
[BlackElo "2230"]
[PlyCount "51"]
[EventDate "2002.10.26"]
[Source "Mark Crowther"]
[SourceDate "2002.11.11"]

1. d4 e6 2. c4 f5 3. g3 Nf6 4. Bg2 c6 5. Nf3 d5 6. O-O Bd6 7. b3 Qe7 8. Bb2 b6
9. Qc1 Bb7 10. Ba3 Bxa3 11. Qxa3 Qxa3 12. Nxa3 Nbd7 13. Rfc1 O-O 14. Nb1 Rac8
15. Nbd2 c5 16. dxc5 bxc5 17. cxd5 exd5 18. e3 g6 19. Rc2 Ba6 20. Bf1 Bxf1 21.
Kxf1 Rfe8 22. Rac1 Rb8 23. Nb1 Rb4 24. Ne1 Rc8 25. Nd3 Rb5 26. Nc3 1/2-1/2